Moral development and socialization /

Bibliographic Details
Other Authors: Windmiller, Myra, Lambert, Nadine, Turiel, Elliot
Format: Book
Language:English
Published: Boston : Allyn and Bacon, [1980]
Subjects:

MARC

Tag First Indicator Second Indicator Subfields
LEADER 00000pam a2200000 i 4500
001 in00000683092
005 20151015164101.0
008 790921s1980 mau b 00100 eng
010 |a  79022099  
020 |a 0205068448 
035 |a (OCoLC)05495017 
035 |9 ACZ6874AM 
040 |a DLC  |c DLC  |d TXA  |d UtOrBLW 
049 |a TXAM  |c [1160811] 
050 0 0 |a BF723.M54  |b M68 
082 0 |a 155.4/18 
245 0 0 |a Moral development and socialization /  |c [edited by] Myra Windmiller, Nadine Lambert, [and] Elliot Turiel. 
264 1 |a Boston :  |b Allyn and Bacon,  |c [1980] 
264 4 |c ©1980 
300 |a xi, 264 pages ;  |c 24 cm. 
336 |a text  |b txt  |2 rdacontent 
337 |a unmediated  |b n  |2 rdamedia 
338 |a volume  |b nc  |2 rdacarrier 
504 |a Includes bibliographies and index. 
650 0 |a Moral development. 
650 0 |a Socialization. 
650 0 |a Moral education. 
650 0 |a Values. 
700 1 |a Windmiller, Myra. 
700 1 |a Lambert, Nadine. 
700 1 |a Turiel, Elliot. 
999 |a MARS 
999 f f |s ba28978c-f5a4-3184-be26-dba23cd72633  |i 295e4917-8e27-3590-8a60-173109f11bf6  |t 0 
952 f f |p ric  |a Texas A&M University  |b Rellis Campus  |c Joint Library Facility  |d Remote Storage  |t 0  |e BF723.M54 M68  |h Library of Congress classification  |i unmediated -- volume  |m A14801702539 
998 f f |a BF723.M54 M68  |t 0  |l Remote Storage